|
|
|
|
| LEADER |
00000nab a2200000 a 4500 |
| 001 |
vtls000502508 |
| 003 |
SK-MaSNL |
| 005 |
20260303003246.0 |
| 008 |
160202c1993 xo 0 slo |
| 015 |
|
|
|a SNBRB19rr/mm-uuuuu
|
| 035 |
|
|
|a CL0502646
|
| 040 |
|
|
|a SNKBUCL
|b slo
|c SNKBUCL
|e AACR2
|
| 041 |
0 |
|
|a slo
|
| 044 |
|
|
|a xo
|c SK
|
| 080 |
|
|
|a 82.09:894.511 (437.6)-3=945.11(048)
|2 1981
|
| 080 |
|
|
|a 894.511 (437.6)-3=945.11(048)
|2 1981
|
| 100 |
1 |
|
|a Tőzsér, Árpád,
|d 1935-
|4 aut
|9 89438
|
| 245 |
1 |
0 |
|a Z dielne Kalligramu
|c Árpád Tözsér
|
| 650 |
0 |
7 |
|a romány psychologické
|2 snkbucl
|9 653970
|
| 655 |
|
7 |
|a články z novín a časopisov
|2 snkbucl
|9 267496
|
| 655 |
|
7 |
|a články z odboru literárna veda a krásna literatúra
|2 snkbucl
|9 770045
|
| 700 |
1 |
|
|a Talamon, Alfonz,
|d 1966-1996
|4 aut
|
| 773 |
0 |
|
|t Knižná revue
|g Roč. 3, č. 23 (1993), s. 5
|
| 787 |
0 |
8 |
|i Rec.:
|a Talamon, Alfonz
|t Galyák Imbrium tengerén
|d Bratislava : Kalligram, 1992
|
| 850 |
|
|
|a Slovenská národná knižnica v Martine
|a MTA001
|
| 852 |
|
|
|a SNK
|b KIS3GCP
|
| 958 |
|
|
|a RK
|
| 958 |
|
|
|a HU
|
| 958 |
|
|
|a LX
|
| 992 |
|
|
|a RBX
|
| 999 |
|
|
|c 1571920
|d 1573850
|